| 000 | 01053nam a22002897a 4500 | ||
|---|---|---|---|
| 001 | 6024 | ||
| 003 | FISKH | ||
| 005 | 20250221155330.0 | ||
| 008 | 250221b cb ||||| |||| 00| 0 eng d | ||
| 020 | _a9780590440363 | ||
| 040 |
_aFISKH _beng _cFISKH _dFISKH |
||
| 050 | _aPZ7.W8606 | ||
| 082 | _a813 | ||
| 100 |
_aWoodruff, Elvira _d(1951-) |
||
| 245 |
_aGeorge Washington's socks : _bA time travel adventure / _cElvira Woodruff |
||
| 250 | _aThis edition first published in 2010 | ||
| 260 |
_aNew York : _bScholastic, _c1991. |
||
| 300 |
_a166 pages : _c20 cm |
||
| 505 | _aR | ||
| 520 | _aIn the midst of a backyard campout, ten-year-old Matt and four other children find themselves transported back into the time of George Washington and the American Revolution, where they begin to live out American history firsthand and learn the sober realities of war. | ||
| 521 | 8 |
_a770
_bLexile |
|
| 521 | 8 |
_aN
_bRaz-Plus |
|
| 650 |
_2Time travel _aHistory |
||
| 650 |
_2Battle of Trenton _aPresidents |
||
| 942 |
_2ddc _cBK _n0 |
||
| 999 |
_c6024 _d6024 |
||